<?xml version="1.0" encoding="UTF-8"?>
<record
    xmlns:xsi="http://www.w3.org/2001/XMLSchema-instance"
    xsi:schemaLocation="http://www.loc.gov/MARC21/slim http://www.loc.gov/standards/marcxml/schema/MARC21slim.xsd"
    xmlns="http://www.loc.gov/MARC21/slim">

  <leader>01244nam a22002657a 4500</leader>
  <controlfield tag="005">20170124103126.0</controlfield>
  <datafield tag="010" ind1=" " ind2=" ">
    <subfield code="a">B-072484</subfield>
  </datafield>
  <datafield tag="020" ind1=" " ind2=" ">
    <subfield code="c">175.00</subfield>
  </datafield>
  <datafield tag="035" ind1=" " ind2=" ">
    <subfield code="a">B-072484</subfield>
  </datafield>
  <datafield tag="037" ind1=" " ind2=" ">
    <subfield code="b">Cen Lib/Ret</subfield>
  </datafield>
  <datafield tag="040" ind1=" " ind2=" ">
    <subfield code="a">DPL</subfield>
    <subfield code="b">HN</subfield>
  </datafield>
  <datafield tag="082" ind1=" " ind2=" ">
    <subfield code="a">362.484</subfield>
    <subfield code="b">&#x92E;&#x93F;&#x936;&#x94D;&#x930;&#x935;&#x93F;</subfield>
  </datafield>
  <datafield tag="100" ind1=" " ind2=" ">
    <subfield code="a">&#x92E;&#x93F;&#x936;&#x94D;&#x930;, &#x935;&#x93F;&#x928;&#x94B;&#x926; &#x915;&#x941;&#x92E;&#x93E;&#x930; </subfield>
    <subfield code="9">83211</subfield>
  </datafield>
  <datafield tag="245" ind1=" " ind2=" ">
    <subfield code="a">&#x935;&#x93F;&#x915;&#x932;&#x93E;&#x902;&#x917; &#x915;&#x947; &#x932;&#x93F;&#x90F; &#x930;&#x94B;&#x91C;&#x93C;&#x917;&#x93E;&#x930; /</subfield>
    <subfield code="c">&#x935;&#x93F;&#x928;&#x94B;&#x926; &#x915;&#x941;&#x92E;&#x93E;&#x930; &#x92E;&#x93F;&#x936;&#x94D;&#x930;</subfield>
  </datafield>
  <datafield tag="246" ind1=" " ind2=" ">
    <subfield code="a">Viklangon ke liye rozagar /</subfield>
    <subfield code="b">by Vinod Kumar Mishra</subfield>
  </datafield>
  <datafield tag="260" ind1=" " ind2=" ">
    <subfield code="a">&#x928;&#x92F;&#x940; &#x926;&#x93F;&#x932;&#x94D;&#x932;&#x940; </subfield>
    <subfield code="b">&#x92D;&#x93E;&#x930;&#x924;&#x940;&#x92F;  &#x92A;&#x94D;&#x930;&#x915;&#x93E;&#x936;&#x928; &#x938;&#x902;&#x938;&#x94D;&#x925;&#x93E;&#x928;</subfield>
    <subfield code="c">2002</subfield>
  </datafield>
  <datafield tag="270" ind1=" " ind2=" ">
    <subfield code="a">24/4855, &#x905;&#x902;&#x938;&#x93E;&#x930;&#x940; &#x930;&#x94B;&#x921;, &#x926;&#x930;&#x93F;&#x92F;&#x93E;&#x917;&#x902;&#x91C; </subfield>
    <subfield code="b">&#x928;&#x92F;&#x940; &#x926;&#x93F;&#x932;&#x94D;&#x932;&#x940; </subfield>
    <subfield code="e">110002</subfield>
  </datafield>
  <datafield tag="300" ind1=" " ind2=" ">
    <subfield code="a">176&#x92A;&#x943;. </subfield>
    <subfield code="c">21&#x938;&#x947;&#x92E;&#x940;(&#x938;&#x91C;&#x93F;&#x932;&#x94D;&#x926;)</subfield>
  </datafield>
  <datafield tag="500" ind1=" " ind2=" ">
    <subfield code="a">&#x905;&#x928;&#x941;&#x915;&#x94D;&#x930;&#x92E;&#x923;&#x93F;&#x915;&#x93E; &#x936;&#x93E;&#x92E;&#x93F;&#x932;   </subfield>
  </datafield>
  <datafield tag="650" ind1=" " ind2=" ">
    <subfield code="a">&#x935;&#x93F;&#x915;&#x932;&#x93E;&#x902;&#x917;--&#x930;&#x94B;&#x91C;&#x93C;&#x917;&#x93E;&#x930;</subfield>
    <subfield code="9">239</subfield>
  </datafield>
  <datafield tag="650" ind1=" " ind2=" ">
    <subfield code="a">&#x935;&#x93F;&#x915;&#x932;&#x93E;&#x902;&#x917;&#x94B;&#x902;--&#x930;&#x94B;&#x91C;&#x917;&#x93E;&#x930;&#x92A;&#x930;&#x915; &#x92A;&#x94D;&#x930;&#x936;&#x93F;&#x915;&#x94D;&#x937;&#x923;</subfield>
    <subfield code="9">83212</subfield>
  </datafield>
  <datafield tag="650" ind1=" " ind2=" ">
    <subfield code="a">Employment--disabled</subfield>
    <subfield code="9">83213</subfield>
  </datafield>
  <datafield tag="650" ind1=" " ind2=" ">
    <subfield code="a">Vocational training--disabled</subfield>
    <subfield code="9">83214</subfield>
  </datafield>
  <datafield tag="942" ind1=" " ind2=" ">
    <subfield code="2">ddc</subfield>
    <subfield code="c">HN</subfield>
    <subfield code="h">362.484</subfield>
    <subfield code="m">&#x92E;&#x93F;&#x936;&#x94D;&#x930;&#x935;&#x93F;</subfield>
  </datafield>
  <datafield tag="999" ind1=" " ind2=" ">
    <subfield code="c">119071</subfield>
    <subfield code="d">119071</subfield>
  </datafield>
  <datafield tag="952" ind1=" " ind2=" ">
    <subfield code="0">0</subfield>
    <subfield code="1">0</subfield>
    <subfield code="4">0</subfield>
    <subfield code="7">0</subfield>
    <subfield code="a">L</subfield>
    <subfield code="b">L</subfield>
    <subfield code="d">2015-09-15</subfield>
    <subfield code="e">Cen Lib/Ret</subfield>
    <subfield code="g">175.00</subfield>
    <subfield code="l">2</subfield>
    <subfield code="m">2</subfield>
    <subfield code="o">362.484 &#x92E;&#x93F;&#x936;&#x94D;&#x930;&#x935;&#x93F;</subfield>
    <subfield code="p">B-072484</subfield>
    <subfield code="r">2021-10-25 00:00:00</subfield>
    <subfield code="s">2021-09-20</subfield>
    <subfield code="t">1</subfield>
    <subfield code="v">175.00</subfield>
    <subfield code="w">2015-09-15</subfield>
    <subfield code="y">HN</subfield>
  </datafield>
</record>
